Bedside Clinics in Obstetrics/ (Record no. 216309)

MARC details
000 -LEADER
fixed length control field 00530nam a22001817a 4500
005 - DATE AND TIME OF LATEST TRANSACTION
control field 20260520143111.0
010 ## - LCCN (DPL NO)
LC control number ENG-148584
020 ## - INTERNATIONAL STANDARD BOOK NUMBER
International Standard Book Number 9789387162822
Terms of availability 1650.00
035 ## - SYSTEM CONTROL NUMBER
System control number EN-132116
037 ## - SOURCE OF ACQUISITION
Source of stock number/acquisition DBAD
082 ## - DEWEY DECIMAL CLASSIFICATION NUMBER
Classification number 618
Edition number 1
100 ## - MAIN ENTRY--PERSONAL NAME
Personal name Majhi, Arup Kumar
245 ## - TITLE STATEMENT
Title Bedside Clinics in Obstetrics/
Statement of responsibility, etc Arup Kumar Majhi
260 ## - PUBLICATION, DISTRIBUTION, ETC. (IMPRINT)
Place of publication, distribution, etc Kolkata
Name of publisher, distributor, etc Academic publishers
Date of publication, distribution, etc 2021
270 ## - ADDRESS
Address Academic publishers
City Kolkata
Postal code 700073
300 ## - PHYSICAL DESCRIPTION
Extent 711p.
Dimensions 27cm(pb)
Other physical details Col. Ill.
942 ## - ADDED ENTRY ELEMENTS (KOHA)
Source of classification or shelving scheme Dewey Decimal Classification
Item type English Books
Classification part 618
Call number suffix MAJ
Holdings
Withdrawn status Lost status Not for loan Collection code Home library Current library Date acquired Source of acquisition Cost, normal purchase price Full call number Barcode Copy number Cost, replacement price Koha item type
      Non-fiction Tri Nagar Tri Nagar 20/05/2026 Delivery of Books Act Division 1650.00 618 MAJ EN-132116 1 1650.00 English Books

© Delhi Public Library
Hit Counter
free hit counter